We are all animals / (Record no. 53614)
[ view plain ]
| 000 -LEADER | |
|---|---|
| fixed length control field | 01544nam a22002777a 4500 |
| 005 - DATE AND TIME OF LATEST TRANSACTION | |
| control field | 20110704171022.0 |
| 020 ## - INTERNATIONAL STANDARD BOOK NUMBER | |
| International Standard Book Number | 8182630002 |
| Terms of availability | 25.00 |
| 020 ## - INTERNATIONAL STANDARD BOOK NUMBER | |
| International Standard Book Number | 9788182630000 |
| Terms of availability | 25.00 |
| 035 ## - SYSTEM CONTROL NUMBER | |
| System control number | B-432589-593 |
| 037 ## - SOURCE OF ACQUISITION | |
| Stock number | DPL |
| Source of stock number/acquisition | Blue Berry |
| 082 ## - DEWEY DECIMAL CLASSIFICATION NUMBER | |
| Classification number | S |
| 100 ## - MAIN ENTRY--PERSONAL NAME | |
| Personal name | Chavan, Madhav |
| 245 ## - TITLE STATEMENT | |
| Title | We are all animals / |
| Statement of responsibility, etc | by Madhav Chavan [and] Meera Tendolkar; illustrated by Santosh Pujari; translated by Rohini Nilekani |
| 250 ## - EDITION STATEMENT | |
| Edition statement | 5th |
| 260 ## - PUBLICATION, DISTRIBUTION, ETC. (IMPRINT) | |
| Place of publication, distribution, etc | New Delhi |
| Name of publisher, distributor, etc | Pratham Books |
| Date of publication, distribution, etc | 2010 |
| 270 ## - ADDRESS | |
| Address | 633-634, 4th "C" Main, 6th 'B' Cross, OMBR Layout, Banaswadi |
| City | Bangalore |
| Postal code | 560043 |
| Telephone number | 011-65684113 |
| 300 ## - PHYSICAL DESCRIPTION | |
| Extent | 28p. |
| Other physical details | ill. |
| Dimensions | 14 cm.(pbk) |
| 700 ## - ADDED ENTRY--PERSONAL NAME | |
| 9 (RLIN) | 29160 |
| 942 ## - ADDED ENTRY ELEMENTS (KOHA) | |
| Source of classification or shelving scheme | Dewey Decimal Classification |
| Item type | Children Books |
| Classification part | S |
| Call number suffix | CHA |
| Withdrawn status | Lost status | Not for loan | Collection code | Home library | Current library | Date acquired | Source of acquisition | Cost, normal purchase price | Full call number | Barcode | Copy number | Cost, replacement price | Koha item type |
|---|---|---|---|---|---|---|---|---|---|---|---|---|---|
| Fiction | Central Library | Central Library | 22/07/2011 | Blue Berry/6363/25.3.11/83/21.3.11/31.3.11 | 25.00 | S CHA | B-432589 | 1 | 25.00 | Children Books | |||
| Written-off vide DLB M. No. 383 dt 16.05.19 | Fiction | Karol Bagh | Karol Bagh | 22/07/2011 | Blue Berry/6363/25.3.11/83/21.3.11/31.3.11 | 25.00 | S CHA | B-432592 | 1 | 25.00 | Children Books | ||
| Written-off vide DLB M. No. 383 dt 16.05.19 | Fiction | Patel Nagar | Patel Nagar | 22/07/2011 | Blue Berry/6363/25.3.11/83/21.3.11/31.3.11 | 25.00 | S CHA | B-432590 | 1 | 25.00 | Children Books | ||
| Fiction | Sarojini Nagar | Sarojini Nagar | 22/07/2011 | Blue Berry/6363/25.3.11/83/21.3.11/31.3.11 | 25.00 | S CHA | B-432591 | 1 | 25.00 | Children Books | |||
| Written-off vide DLB M. No. 383 dt 16.05.19 | Fiction | Shahdara Branch | Shahdara Branch | 22/07/2011 | Blue Berry/6363/25.3.11/83/21.3.11/31.3.11 | 25.00 | S CHA | B-432593 | 1 | 25.00 | Children Books |
